[Event "Bamberg op-B 5th"]
[Site "Bamberg"]
[Date "2023.07.26"]
[Round "1"]
[White "Helfenstein, Ulf"]
[Black "Thurn, Stephan"]
[Result "0-1"]
[WhiteElo "1551"]
[BlackElo "1539"]
[PlyCount "72"]
[EventDate "2023.07.26"]
[EventType "swiss"]
[EventRounds "7"]
[EventCountry "GER"]
[SourceTitle "CBM 215 Extra"]
[Source "ChessBase"]
[SourceDate "2023.09.30"]
[SourceVersion "1"]
[SourceVersionDate "2023.09.30"]
[SourceQuality "1"]

1. e4 e5 2. Nf3 Nc6 3. Bb5 a6 4. Bxc6 dxc6 5. 0-0 Bd6 6. d4 exd4 7. Qxd4 Kf8 8. Nbd2 c5 9. Qd3 b5 10. e5 Be7 11. Qxd8+ Bxd8 12. c4 Be6 13. b3 Nh6 14. Ba3 b4 15. Bb2 Nf5 16. Ne4 Be7 17. Rfd1 h5 18. Ne1 Nh4 19. Nd3 Bf5 20. Ndxc5 Rh6 21. Bd4 Rg6 22. g3 Bg4 23. Rd3 Be2 24. Re3 Nf3+ 25. Rxf3 Bxf3 26. Be3 Rc6 27. Nd2 Bxc5 28. Bxc5+ Rxc5 29. Nxf3 Rd8 30. Re1 Ra5 31. e6 fxe6 32. Rxe6 Rxa2 33. Rc6 Rd3 34. Rxc7 Rxf3 35. Rb7 Rfxf2 36. Rxb4 Rfb2 0-1

[Event "Forchheim op-B 14th"]
[Site "Forchheim"]
[Date "2015.10.03"]
[Round "2"]
[White "Rierl, Klaus"]
[Black "Thurn, Stephan"]
[Result "1/2-1/2"]
[WhiteElo "1789"]
[BlackElo "1889"]
[PlyCount "69"]
[EventDate "2015.10.02"]
[EventType "swiss"]
[EventRounds "5"]
[EventCountry "GER"]
[SourceTitle "EXT 2019"]
[Source "ChessBase"]
[SourceDate "2018.10.10"]
[SourceVersion "1"]
[SourceVersionDate "2018.10.10"]
[SourceQuality "1"]

1. Nf3 f5 2. e3 Nf6 3. b3 g6 4. Bb2 Bg7 5. c4 0-0 6. Qc2 c5 7. Be2 b6 8. 0-0 d6 9. Nc3 Bb7 10. Rad1 e6 11. d4 Qe7 12. d5 exd5 13. cxd5 h6 14. Nh4 Kh7 15. g3 Re8 16. Rd2 Nbd7 17. Nb5 Ne4 18. Rdd1 Ndf6 19. Bf3 Qd7 20. Nc3 g5 21. Ng2 b5 22. Bxe4 Nxe4 23. Nxe4 Rxe4 24. Bxg7 Qxg7 25. Rd2 Qf7 26. Rfd1 a5 27. Ne1 Rae8 28. Nd3 Qxd5 29. Nxc5 Qxc5 30. Qb2 R4e6 31. Rc2 Qe5 32. Qxe5 dxe5 33. Rc7+ R8e7 34. Rdd7 Rxd7 35. Rxd7+ 1/2-1/2

[Event "Mittelfranken-chTB2b 1415"]
[Site "Mittelfranken"]
[Date "2015.04.19"]
[Round "9.7"]
[White "Gagel, Roland"]
[Black "Thurn, Stephan"]
[Result "1/2-1/2"]
[WhiteElo "1771"]
[BlackElo "1881"]
[PlyCount "28"]
[EventDate "2014.09.28"]
[EventType "team-tourn"]
[EventRounds "9"]
[EventCountry "GER"]
[SourceTitle "EXT 2020"]
[Source "ChessBase"]
[SourceDate "2019.10.17"]
[SourceVersion "1"]
[SourceVersionDate "2019.10.17"]
[SourceQuality "1"]
[WhiteTeam "Forchheim III"]
[BlackTeam "Kirchehren/Eberm"]
[WhiteTeamCountry "GER"]
[BlackTeamCountry "GER"]

1. d4 Nf6 2. f4 d5 3. e3 Bg4 4. Be2 Bxe2 5. Qxe2 Nbd7 6. Nf3 e6 7. Nbd2 Bd6 8. Ne5 h5 9. e4 c5 10. Nxd7 Nxd7 11. exd5 0-0 12. Ne4 Nf6 13. dxe6 Re8 14. 0-0 Rxe6 1/2-1/2

[Event "Mittelfranken-chTB2a 1011"]
[Site "Germany"]
[Date "2011.04.03"]
[Round "8.7"]
[White "Ditt, Norbert"]
[Black "Thurn, Stephan"]
[Result "0-1"]
[WhiteElo "1643"]
[BlackElo "1912"]
[PlyCount "96"]
[EventDate "2010.09.26"]
[EventType "team-tourn"]
[EventRounds "9"]
[EventCountry "GER"]
[SourceTitle "EXT 2012"]
[Source "ChessBase"]
[SourceDate "2011.11.24"]
[SourceVersion "1"]
[SourceVersionDate "2011.11.24"]
[SourceQuality "1"]
[WhiteTeam "Ansbach"]
[BlackTeam "Kirchehrenbach/Ebermannstadt"]
[WhiteTeamCountry "GER"]
[BlackTeamCountry "GER"]

1. c4 f5 2. Nf3 Nf6 3. g3 g6 4. Bg2 Bg7 5. Nc3 d5 6. cxd5 Nxd5 7. 0-0 c6 8. Rb1 0-0 9. Qb3 e6 10. d3 Na6 11. Bg5 Qd7 12. d4 h6 13. Bc1 g5 14. e3 Bf6 15. a3 Qh7 16. Bd2 h5 17. Qc4 Nac7 18. Rfe1 h4 19. e4 Nxc3 20. bxc3 hxg3 21. fxg3 f4 22. g4 Kg7 23. Qc5 Qg6 24. c4 Na6 25. Qa5 b6 26. Qa4 Bb7 27. Qb3 Rfd8 28. e5 Be7 29. Bf1 c5 30. Bd3 Qh6 31. Be4 Bxe4 32. Rxe4 Qh3 33. Kh1 cxd4 34. Nxd4 Qxb3 35. Nxb3 Bxa3 36. Ra1 Nc5 37. Nxc5 Bxc5 38. Bc3 Rd3 39. Rc1 Rh8 40. Rc2 f3 41. Re1 f2 42. Rf1 Rdh3 43. Kg2 Rxh2+ 44. Kf3 R8h3+ 45. Ke2 Re3+ 46. Kd1 Re4 47. Bd2 Rxg4 48. Rc3 Rh1 0-1